| 000 | 01481nam a2200349 a 4500 | ||
|---|---|---|---|
| 001 | vtls000058517 | ||
| 003 | NLI | ||
| 005 | 20210601191248.0 | ||
| 008 | 101125s1963 enk 101 0 eng | ||
| 020 | _cUSD 105.00 | ||
| 039 | 9 |
_y201011250554 _zVLOAD |
|
| 040 |
_aNLI _beng _cVTLS _eAACR2 |
||
| 041 | 0 | _aeng | |
| 044 | _aenk | ||
| 082 | 0 | 4 | _a509 |
| 111 | 2 |
_aSymposium on the History of Science _d(1961 : _cOxford) _9146668 |
|
| 245 | 1 | 0 |
_aScientific change : _bhistorical studies in the intellectual, socience and technical conditions for Scientific discovery and technical invention, from antiquity to the present / _cedited by A. C. Crombie |
| 260 |
_aLondon : _bHeinemann, _c1963 |
||
| 300 |
_ax, 896 p. ; _c22 cm. |
||
| 500 | _aThis is a symposium on the history of science, University of oxford, July 9-15, 1961 organised under the division of history of science of the international union of the history and philosophy of science | ||
| 504 | _aIncludes bibliographical references and index | ||
| 650 | 0 |
_aScience _xhistory _vCongresses _9139384 |
|
| 650 | 0 |
_aTechnology _xHistory _94466 |
|
| 700 | 1 |
_aCrombie, A. C., _4edt _9146669 |
|
| 710 | 1 |
_aInternational Union of the History and Philosophy of Science. _bDivision of History of Science Division of Listory of Science _9146670 |
|
| 887 | _a | ||
| 901 |
_a358583 _b01.01.1964 |
||
| 902 | _aE509 Sy68 | ||
| 906 | _a0006145 | ||
| 949 |
_AVIRTUAITEM _D10000 _X100 _6PUR000358583ENG |
||
| 942 |
_2ddc _cBKS |
||
| 999 |
_aVIRTUA00 _c61823 _d61823 |
||